000 00771nam a2200193 4500
008 240108b |||||||| |||| 00| 0 eng d
082 _a302.14
_bNAT
110 _aNational Alliance of Women
245 _aViolence in Gujarat : test case for a larger fundamentalist agenda :
_b report of the Citizen's Commission on persecution of Christians in Gujarat
260 _aNew Delhi:
_bThe Alliance,
_c1999
300 _a88 p. : ill. (some color), map ; 29 cm
650 _aChristians, Violence against- India -Gujarat
650 _aCommunalism
650 _aPersecution- India -Gujarat
650 _aViolence -India -Gujarat
700 _a Chenoy, Kamal Mitra
_eed.
856 _uhttps://cjp.org.in/wp-content/uploads/2020/07/Violence-in-Gujarat-Final_.pdf
942 _cRP
999 _c4605
_d4605